Electricidad industrial
Guardat en:
| Autor principal: | |
|---|---|
| Format: | Llibre |
| Idioma: | espanyol |
| Publicat: |
Barcelona
Reverté
1973
|
| Matèries: | |
| Etiquetes: |
Afegir etiqueta
Sense etiquetes, Sigues el primer a etiquetar aquest registre!
|
MARC
| LEADER | 00000nam a2200000 a 4500 | ||
|---|---|---|---|
| 001 | UCK0003 | ||
| 003 | CL-VaPUC | ||
| 008 | 040910e19730000SP |||||||||||||||||spa|d | ||
| 020 | |a 8429130209 | ||
| 020 | |a 8429130160v.1 | ||
| 082 | 0 | 4 | |a 621.3 |b DAW |2 21 |
| 100 | 0 | |a Dawes, Chester Laurens |e author |9 487934 | |
| 245 | 1 | 0 | |a Electricidad industrial |
| 300 | |a v | ||
| 942 | |c BK | ||
| 945 | |d 20040910 00:00:00 |a cmena | ||
| 260 | |a Barcelona |b Reverté |c 1973 | ||
| 650 | 0 | |a Ingeniería eléctrica |9 260573 | |
| 650 | 0 | |a Corriente continua |9 260069 | |
| 650 | 0 | |a Circuitos eléctricos |9 260262 | |
| 650 | 0 | |a Corriente alterna |9 260070 | |
| 650 | 0 | |a Electromagnetismo |9 260123 | |
| 583 | |a last modification |c 20040910 00:00:00 |k Rodrigo Vera | ||
| 999 | |c 310591 |d 310589 | ||
| 952 | |0 0 |1 0 |4 0 |6 621_300000000000000_DAW_1973 |7 0 |8 A |9 379275 |a BIBMEC |b BIBMEC |d 2019-11-21 |h v.1 |i 2120666 |o 621.3 DAW 1973 |p 2120666 |r 2019-11-21 |w 2019-11-21 |y BK |k MEC | ||